| 000 | 00756nam a2200229 i 4500 | ||
|---|---|---|---|
| 001 | 35267 | ||
| 003 | ES-MaACL | ||
| 007 | t| | ||
| 008 | 030212s1982 sp ||||1| spa d | ||
| 020 | _a84-309-0928-1 | ||
| 100 | 1 |
_aBottomore, Thomas B. _930808 |
|
| 245 | 1 | 3 |
_aLa miseria de la sociología / _cTom Bottomore ; [traducción de Ester Rabasco y Luis Toharia]. |
| 260 |
_aMadrid : _bTecnos, _c[1982] |
||
| 300 |
_a136 p. ; _c23 cm. |
||
| 490 | 1 | _aColección de ciencias sociales. Serie sociología | |
| 504 | _aBibliografía. | ||
| 700 | 1 |
_aRabasco, Esther. _994844 |
|
| 700 | 1 |
_aToharia, Luis. _9110425 |
|
| 830 | 0 | 0 |
_aColección de ciencias sociales (Tecnos) _9182672 |
| 852 |
_aES-MaACL _jL-8336 _bR.109178 |
||
| 999 |
_c35267 _d35267 |
||